<?xml version="1.0" encoding="UTF-8"?>
<record
    xmlns:xsi="http://www.w3.org/2001/XMLSchema-instance"
    xsi:schemaLocation="http://www.loc.gov/MARC21/slim http://www.loc.gov/standards/marcxml/schema/MARC21slim.xsd"
    xmlns="http://www.loc.gov/MARC21/slim">

  <leader>01084nam a2200253 a 4500</leader>
  <controlfield tag="001">79326</controlfield>
  <controlfield tag="003">BD-RjUL</controlfield>
  <controlfield tag="005">20220206115919.0</controlfield>
  <controlfield tag="008">220206s2021    bg ||||| |||| 00| 0 ben d</controlfield>
  <datafield tag="020" ind1=" " ind2=" ">
    <subfield code="a">9789844582224</subfield>
    <subfield code="c">:TK.360.00</subfield>
  </datafield>
  <datafield tag="035" ind1=" " ind2=" ">
    <subfield code="a">(BD-RjUL)79326</subfield>
  </datafield>
  <datafield tag="040" ind1=" " ind2=" ">
    <subfield code="a">BD-RjUL</subfield>
    <subfield code="b">eng</subfield>
    <subfield code="c">BD-RjUL</subfield>
  </datafield>
  <datafield tag="041" ind1=" " ind2=" ">
    <subfield code="a">ben</subfield>
  </datafield>
  <datafield tag="082" ind1=" " ind2=" ">
    <subfield code="2">23</subfield>
    <subfield code="a">324.25492</subfield>
    <subfield code="b">RAA 2021</subfield>
  </datafield>
  <datafield tag="100" ind1=" " ind2=" ">
    <subfield code="a">&#x9B0;&#x9B9;&#x9AE;&#x9BE;&#x9A8;, &#x9AE;&#x9CB;&#x983; &#x9AE;&#x9BE;&#x9B9;&#x9AC;&#x9C1;&#x9AC;&#x9B0; </subfield>
    <subfield code="9">717</subfield>
  </datafield>
  <datafield tag="245" ind1=" " ind2=" ">
    <subfield code="a">&#x986;&#x993;&#x9AF;&#x9BC;&#x9BE;&#x9AE;&#x9C0; &#x9B2;&#x9C0;&#x997;&#x9C7;&#x9B0; &#x9B6;&#x9BE;&#x9B8;&#x9A8;&#x995;&#x9BE;&#x9B2; &#x9E7;&#x9EF;&#x9ED;&#x9E8; -&#x9ED;&#x9EB;/ </subfield>
    <subfield code="c">&#x9AE;&#x9CB;&#x983; &#x9AE;&#x9BE;&#x9B9;&#x9AC;&#x9C1;&#x9AC;&#x9B0; &#x9B0;&#x9B9;&#x9AE;&#x9BE;&#x9A8; </subfield>
  </datafield>
  <datafield tag="490" ind1=" " ind2=" ">
    <subfield code="a">&#x9AC;&#x9BE;&#x982;&#x9B2;&#x9BE;&#x9A6;&#x9C7;&#x9B6;&#x9B0; &#x99C;&#x9A8;-&#x987;&#x9A4;&#x9BF;&#x9B9;&#x9BE;&#x9B8; &#x997;&#x9CD;&#x9B0;&#x9A8;&#x9CD;&#x9A5;&#x9AE;&#x9BE;&#x9B2;&#x9BE; :</subfield>
    <subfield code="v">&#x9E9;</subfield>
  </datafield>
  <datafield tag="650" ind1=" " ind2=" ">
    <subfield code="a">&#x986;&#x993;&#x9AF;&#x9BC;&#x9BE;&#x9AE;&#x9C0; &#x9B2;&#x9C0;&#x997; </subfield>
    <subfield code="9">1158</subfield>
  </datafield>
  <datafield tag="650" ind1=" " ind2=" ">
    <subfield code="a">Awami League</subfield>
    <subfield code="9">1159</subfield>
  </datafield>
  <datafield tag="650" ind1=" " ind2=" ">
    <subfield code="a">&#x9AC;&#x9BE;&#x982;&#x9B2;&#x9BE;&#x9A6;&#x9C7;&#x9B6; </subfield>
    <subfield code="x">&#x9B0;&#x9BE;&#x99C;&#x9A8;&#x9C0;&#x9A4;&#x9BF; &#x993; &#x9B8;&#x9B0;&#x995;&#x9BE;&#x9B0; </subfield>
    <subfield code="y">&#x9E7;&#x9EF;&#x9ED;&#x9E8;-&#x9ED;&#x9EB;</subfield>
    <subfield code="9">1160</subfield>
  </datafield>
  <datafield tag="650" ind1=" " ind2=" ">
    <subfield code="a">Bangladesh </subfield>
    <subfield code="x">Politics and government </subfield>
    <subfield code="y">1972-75</subfield>
    <subfield code="9">1161</subfield>
  </datafield>
  <datafield tag="830" ind1=" " ind2=" ">
    <subfield code="a">&#x9AC;&#x9BE;&#x982;&#x9B2;&#x9BE;&#x9A6;&#x9C7;&#x9B6;&#x9B0; &#x99C;&#x9A8;-&#x987;&#x9A4;&#x9BF;&#x9B9;&#x9BE;&#x9B8; &#x997;&#x9CD;&#x9B0;&#x9A8;&#x9CD;&#x9A5;&#x9AE;&#x9BE;&#x9B2;&#x9BE; :</subfield>
    <subfield code="v">&#x9E9;</subfield>
    <subfield code="9">1162</subfield>
  </datafield>
  <datafield tag="942" ind1=" " ind2=" ">
    <subfield code="2">ddc</subfield>
    <subfield code="c">BK</subfield>
  </datafield>
  <datafield tag="999" ind1=" " ind2=" ">
    <subfield code="c">79326</subfield>
    <subfield code="d">79326</subfield>
  </datafield>
  <datafield tag="952" ind1=" " ind2=" ">
    <subfield code="0">0</subfield>
    <subfield code="1">0</subfield>
    <subfield code="2">ddc</subfield>
    <subfield code="4">0</subfield>
    <subfield code="7">1</subfield>
    <subfield code="8">NFIC</subfield>
    <subfield code="a">RUCL</subfield>
    <subfield code="b">RUCL</subfield>
    <subfield code="c">Reading</subfield>
    <subfield code="d">2021-11-11</subfield>
    <subfield code="e">Rajshahi Heritage Archives of Bangladesh</subfield>
    <subfield code="g">288.00</subfield>
    <subfield code="l">0</subfield>
    <subfield code="o">B 324.25492 RAA 2021</subfield>
    <subfield code="r">2022-02-06 00:00:00</subfield>
    <subfield code="t">C-1</subfield>
    <subfield code="w">2022-02-06</subfield>
    <subfield code="y">BK</subfield>
  </datafield>
  <datafield tag="952" ind1=" " ind2=" ">
    <subfield code="0">0</subfield>
    <subfield code="1">0</subfield>
    <subfield code="2">ddc</subfield>
    <subfield code="4">0</subfield>
    <subfield code="7">0</subfield>
    <subfield code="8">NFIC</subfield>
    <subfield code="a">RUCL</subfield>
    <subfield code="b">RUCL</subfield>
    <subfield code="c">GEN</subfield>
    <subfield code="d">2021-11-11</subfield>
    <subfield code="e">Rajshahi Heritage Archives of Bangladesh</subfield>
    <subfield code="g">288.00</subfield>
    <subfield code="l">1</subfield>
    <subfield code="o">B 324.25492 RAA 2021</subfield>
    <subfield code="r">2026-03-31 00:00:00</subfield>
    <subfield code="s">2026-03-25</subfield>
    <subfield code="t">C-2</subfield>
    <subfield code="w">2022-02-06</subfield>
    <subfield code="y">BK</subfield>
  </datafield>
</record>
